00730cam a22002294a 4500020003100000020002800031020002600059020002300085040000800108082002600116082001000142100001800152245009500170260006300265300003300328490002800361650002300389650002800412650001400440650001300454650003300467 a9780754677307 (alk. paper) a0754677303 (alk. paper) a9780754694472 (ebook) a075469447X (ebook) cDLC00a345 INT 2009 C162 Or. 4a340.21 aCipriani, Don10aChildren's rights and the minimum age of criminal responsibility :ba global perspective / aFarnham, England ;aBurlington, VT :bAshgate Pub.,cc2009 axvi, 232 p. :bill. ;c24 cm1 aAdvances in criminology 0aCriminal liability 0aCapacity and disability 0aAge (Law) 0aChildren 0aChildren (International law)